厦门市知识测验 Xiamen city quiz - Statistics

General Stats
  • This quiz has been taken 50 times
  • The average score is 13 of 17
Answer Stats
问题 答案 % Correct
世界文化遗产,5A景区 鼓浪屿
95%
1983年始建成的4E级国际机场 厦门{高崎}国际机场
93%
厦门街头常见到的闽南特色面食 {沙茶}面
89%
厦门市的车牌代码 闽D
89%
预计2026年通航的4F级国际机场 厦门{翔安}国际机场
86%
传说中代表厦门的动物
80%
1980年厦门最初设立的经济特区所在的市辖区 湖里区
80%
以厦门作为重要军事基地的明清著名军事领袖 郑成功
75%
西晋起厦门地区设立的县,现为市辖区 同安
75%
厦门的英文旧称 Amoy
75%
厦门公共交通中(相比其它城市的同类)路权独特的系统 厦门{快速公交(BRT)}
75%
在厦门集中创办各类学校与文化机构的华侨 陈嘉庚
73%
靠近上述景区的近代历史与商业街区 {中山路}步行街
68%
临近厦门大学校区的重要佛寺 南普陀寺
68%
上题所属创办的学校等聚集区的总称 集美学村
64%
以政治标语命名的特殊沙滩 “{一国两制}”沙滩
57%
厦门岛南端的网红文创村 曾厝垵
45%
No matching quizzes found
Score Distribution
Percent of People with Each Score
Percentile by Number Answered
Your Score History
You have not taken this quiz